000 00651nam a2200205Ia 4500
005 20260121110346.0
008 008 260114s9999 xx 000 0 hin d
020 _a9788132301387
037 _aEBOOK
040 _aCRL
_bhin
_cCRL
041 _ahin
_2hin
084 _qCRL
100 _aविजेन्द्र चौधरी / Manoj Kumar
_9945203
245 0 _aआत्म विकास और योग / Atma vikas aur yog
260 _bभाषा प्रकाशन / Bhasha Prakashan
_c2020
856 _uhttps://bhashaprakashan.com/product-details/377804
942 _cEBOOK
999 _c1536867
_d1536867